000
00321nam a22001457a 4500
008
210608b ||||| |||| 00| 0 eng d
020
_a
9780078112065
041
_a
eng
080
_2
4th
_a
339.138
082
_a
339.138
100
_a
60
101
_a
MAR
245
_a
The Core Marketing
_c
Kerin,R.A
942
_2
udc
_c
BK
999
_c
58058
_d
58058